| 000 | 00000nas 2200000zi 4500 |
| 001 | 9.878876 |
| 003 | CaOODSP |
| 005 | 20250107144054 |
| 006 | m go d f |
| 007 | cr cn |||||||| |
| 008 | 190904d20162016oncgr p o s f0###a0eng|d |
| 020 | |z978-0-660-27378-5 |
| 022 | |a2562-8518 |
| 040 | |aCaOODSP|beng|erda|cCaOODSP |
| 043 | |an-cn--- |
| 086 | 1 |aHP38-5E-PDF|zHP40-222/2018E-PDF |
| 222 | 0|aVaccine uptake in Canadian adults |
| 245 | 00|aVaccine uptake in Canadian adults : |bresults from the ... adult National Immunization Coverage Survey (aNICS). |
| 264 | 1|aOttawa, ON : |bPublic Health Agency of Canada = Agence de la santé publique du Canada, |c2018. |
| 310 | |aBiennial |
| 336 | |atext|btxt|2rdacontent |
| 337 | |acomputer|bc|2rdamedia |
| 338 | |aonline resource|bcr|2rdacarrier |
| 362 | 1 |aBegan and ceased with 2016. |
| 500 | |aIssued also in French under title: La vaccination chez les adultes canadiens. |
| 588 | |aDescription based on: 2016. |
| 588 | |aLatest issue consulted: 2016. |
| 650 | 0|aVaccination|zCanada|zStatistics|vPeriodicals. |
| 655 | 7|aStatistics|2lcgft |
| 655 | 7|aPeriodicals|2lcgft |
| 710 | 2 |aPublic Health Agency of Canada, |eissuing body. |
| 775 | 08|tLa vaccination chez les adultes canadiens : |w(CaOODSP)9.878878 |